00518nam a22001697a 450000500170000001000150001702000260003203500140005803700090007208200110008110000270009224500750011925000060019426000410020027000880024130000190032920260114115041.0 aENG-147463 a9789367134610c490.00 aEN-130995 bDBAD a00021 aChandra, Naveen Kumar  a15 Year UPSC CSAT General Studies Paper-II 2026/cNaveen Kumar Chandra a1 aNoidabPearson India Educationc2026 a15th Floor, Towe-B, World Trade Tower, Plot No.1, Block-C, Sector-16bNoidae201301 avpp.c23cm(pb)